000 00447pab a2200169 454500
008 180718b1996 xxu||||| |||| 00| 0 eng d
100 _aManjit Singh
245 _aAssam university
_bpast, present, future.
260 _c1996
300 _ap.6-8
362 _a19 Feb
650 _aUniversities and colleges - India - Assam
650 _aEducation, Higher - India - Assam
650 _aEducation
773 _aUniversity News
909 _a30825
999 _c30825
_d30825